| 000 | 00751nam a22002417a 4500 | ||
|---|---|---|---|
| 005 | 20251108164336.0 | ||
| 008 | 250721s1997 xx 000 0 ara d | ||
| 082 | 1 | 4 | _a502.8/خير |
| 100 | 1 | _aشواهين، خير | |
| 245 | 1 | 0 | _aثلاثمائة تجربة بإستخدام جهاز العرض العلوي و خامات البيئة / |
| 264 | 1 |
_aعمان : _c1997. |
|
| 300 | _a496ص | ||
| 490 | 0 | _aطرق حديثة في التجريب العملي ؛ 1 | |
| 650 | 1 | 7 | _aأجهزة العرض |
| 650 | 1 | 7 | _aالأجهزة |
| 650 | 1 | 7 | _aالأدوات |
| 650 | 1 | 7 | _aالتجارب المخبرية |
| 650 | 1 | 7 | _aالفيزياء |
| 650 | 1 | 7 | _aالتجارب |
| 650 | 1 | 7 | _aالتكنولوجيا |
| 942 |
_2ddc _cBK |
||
| 999 |
_c9808 _d9808 |
||